Russian economic reform : crossing the threshold of structural change. (Record no. 56860)

MARC details
000 -LEADER
fixed length control field 00841nam a2200217 a 4500
001 - CONTROL NUMBER
control field 2032701
008 - FIXED-LENGTH DATA ELEMENTS--GENERAL INFORMATION
fixed length control field 150325s1992 ||||||||||||||||| || u
010 ## - LIBRARY OF CONGRESS CONTROL NUMBER
LC control number 92031109
020 ## - INTERNATIONAL STANDARD BOOK NUMBER
International Standard Book Number 0821322419
050 ## - LIBRARY OF CONGRESS CALL NUMBER
Classification number IBRD(06)CS/1992/3
100 ## - MAIN ENTRY--PERSONAL NAME
Personal name Cunha, Paulo Viera da
245 10 - TITLE STATEMENT
Title Russian economic reform : crossing the threshold of structural change.
260 ## - PUBLICATION, DISTRIBUTION, ETC.
Place of publication, distribution, etc. Washington D.C.
Name of publisher, distributor, etc. World Bank
Date of publication, distribution, etc. 1992
300 ## - PHYSICAL DESCRIPTION
Extent xxix, 327 p. : ill., col. map ; 28 cm.
490 ## - SERIES STATEMENT
Series statement World Bank Country Study
500 ## - GENERAL NOTE
General note Includes bibliographical references
650 ## - SUBJECT ADDED ENTRY--TOPICAL TERM
Topical term or geographic name entry element RUSSIA (FEDERATION)--ECONOMIC POLICY--1991-
650 ## - SUBJECT ADDED ENTRY--TOPICAL TERM
Topical term or geographic name entry element RUSSIA (FEDERATION)--ECONOMIC CONDITIONS--1991-
710 ## - ADDED ENTRY--CORPORATE NAME
Corporate name or jurisdiction name as entry element World Bank
995 ## - RECOMMENDATION 995 [LOCAL, UNIMARC FRANCE]
-- CBU-MAIN LIBRARY (Kitwe)
-- 1
-- AVAILABLE
-- Mar 25, 2015
-- International Publications
Holdings
Withdrawn status Lost status Source of classification or shelving scheme Damaged status Not for loan Home library Current library Shelving location Date acquired Total Checkouts Full call number Barcode Date last seen Price effective from Koha item type
          CBU-MAIN LIBRARY, KITWE. CBU-MAIN LIBRARY, KITWE.   11/30/2022   IBRD(06)CS/1992/3 025305 11/30/2022 11/30/2022 MONOGRAPH